Mashriq main Islami Tehzeeb kay aasar: Bangladesh main Arbi-o-Farsi Kutbat (Urdu) (Record no. 331486)
[ view plain ]
| 000 -LEADER | |
|---|---|
| fixed length control field | 00928nam a22002537a 4500 |
| 003 - CONTROL NUMBER IDENTIFIER | |
| control field | nust |
| 005 - DATE AND TIME OF LATEST TRANSACTION | |
| control field | 20210705150400.0 |
| 008 - FIXED-LENGTH DATA ELEMENTS--GENERAL INFORMATION | |
| fixed length control field | 0 |
| 020 ## - INTERNATIONAL STANDARD BOOK NUMBER | |
| International Standard Book Number | 9789698535148 |
| 038 ## - RECORD CONTENT LICENSOR | |
| Staff Name | Arshad |
| 040 ## - CATALOGING SOURCE | |
| Transcribing agency | 0 |
| 082 ## - DEWEY DECIMAL CLASSIFICATION NUMBER | |
| Classification number | 915.492 |
| Author Mark | SAD |
| 100 ## - MAIN ENTRY--PERSONAL NAME | |
| Personal name | Saddique, Muhammad Yousaf |
| 9 (RLIN) | 80884 |
| 245 ## - TITLE STATEMENT | |
| Title | Mashriq main Islami Tehzeeb kay aasar: Bangladesh main Arbi-o-Farsi Kutbat (Urdu) |
| 260 ## - PUBLICATION, DISTRIBUTION, ETC. | |
| Place of publication, distribution, etc. | Islamabad |
| Name of publisher, distributor, etc. | NUST Publishing |
| Date of publication, distribution, etc. | 2013 |
| 300 ## - PHYSICAL DESCRIPTION | |
| Extent | xxviii, 651 p. |
| Other physical details | ill. ; |
| 500 ## - GENERAL NOTE | |
| General note | Includes index |
| 563 ## - BINDING INFORMATION | |
| Binding note | HBK |
| 650 ## - SUBJECT ADDED ENTRY--TOPICAL TERM | |
| Topical term or geographic name entry element | 1. Bangladesh--Encylopedia. 2. Bagladesh--Islamic History. |
| 9 (RLIN) | 5119 |
| 880 ## - ALTERNATE GRAPHIC REPRESENTATION | |
| Linkage | 100-01\(3\r |
| Title | محمد یوسف صدیق |
| 880 ## - ALTERNATE GRAPHIC REPRESENTATION | |
| Linkage | 245-02\(3\r |
| Title | مشرق میں اسلامی تہذیب کے آثار بنگلہ دیش میں عربی و فارسی کتبات اردو / |
| b | محمد یوسف صدیق |
| 880 ## - ALTERNATE GRAPHIC REPRESENTATION | |
| Linkage | 260-03\(3\r |
| Title | اسلام آباد: |
| b | نسٹ پبلشنگ، |
| c | 2013۔ |
| 942 ## - ADDED ENTRY ELEMENTS (KOHA) | |
| Koha item type | Book |
| Source of classification or shelving scheme | |
| Withdrawn status | Lost status | Source of classification or shelving scheme | Damaged status | Not for loan | Permanent Location | Current Location | Shelving location | Date acquired | Full call number | Barcode | Date last seen | Copy number | Price effective from | Koha item type |
|---|---|---|---|---|---|---|---|---|---|---|---|---|---|---|
| Central Library (CL) | Central Library (CL) | Book Cart | 09/29/2017 | 915.942 SID | CL622 | 09/29/2017 | 2 | 09/29/2017 | Book | |||||
| Central Library (CL) | Central Library (CL) | Book Cart | 09/29/2017 | 915.492 SID | CL631 | 09/29/2017 | 2 | 09/29/2017 | Book |
